000 00784nam a22002177a 4500
005 20091007114211.0
008 091007t xxu||||| |||| 00| 0 eng d
010 _aENG-95092
020 _a9788178795188
_c300.00
035 _aEN-78625
037 _bDBAD/PUB
040 _aDPL
_bENG
082 _a370.15
100 _aSingh,Baljit
245 _aEducational and sports psychology /
_cby Baljit Singh
260 _aNew Delhi
_bSports Publication
_c2009
270 _b7/26, Ground floor, Ansari road
_eNew Delhi
_k110002
300 _a316p
_c20cm.(Pbk)
942 _2ddc
_cEN
_mSIN
_h370.15
999 _c30836
_d30836